Fuerzas armadas y democratización en Centroamérica

Sábháilte in:
Sonraí bibleagrafaíochta
Príomhchruthaitheoir: Lungo Uclés, Mario
Formáid: Téacs
Foilsithe / Cruthaithe: Tegucigalpa
Clibeanna: Cuir clib leis
Níl clibeanna ann, Bí ar an gcéad duine le clib a chur leis an taifead seo!

MARC

LEADER 00000 a a2200000 04500
001 21565
003
040
090 |a 095600  
100 |a Lungo Uclés, Mario  
245 |a Fuerzas armadas y democratización en Centroamérica  
260 |a Tegucigalpa  
300 |a 21 p.  
999 |c 11112  |d 11112